Villes française par anecdotes - Statistiques

Statistiques générales
  • Ce quiz a été pris 142 fois
  • Le résultat moyen est 9 sur 15
Statistiques - réponses
Indice Réponse % Correct
On l’appelle la "Ville rose" en raison de la couleur des briques utilisées pour construire ses bâtiments emblématiques. Toulouse
98%
Cette ville est mondialement célèbre pour son festival de cinéma, avec des marches couvertes de tapis rouge. Cannes
92%
C’est la ville où l’on peut visiter un château où Louis XIV passait beaucoup de temps, situé en Île-de-France. Versailles
86%
Cette ville a vu naître la Révolution française avec la prise de sa prison royale le 14 juillet 1789. Paris
85%
Cette ville du Sud de la France est connue pour sa grande arène romaine, toujours utilisée pour des spectacles aujourd'hui. Nimes
82%
Surnommée la "Venise des Alpes", cette ville possède un lac magnifique et est un centre de sports nautiques. Annecy
79%
C’est la ville où la Fête des Lumières attire chaque année des millions de visiteurs. Lyon
74%
Cette ville normande a été presque totalement détruite durant la Seconde Guerre mondiale mais est désormais un port actif. Le Havre
73%
Cette ville est connue pour ses marinières et son grand port, ainsi que pour être une base majeure de la Marine nationale. Brest
70%
C’est la ville française célèbre pour ses biscuits roses et son champagne. Reims
62%
Cette ville côtière est célèbre pour ses cabines de plage colorées et a inspiré de nombreux peintres impressionnistes. Deauville
46%
C’est la plus petite commune de France et elle est située au pied du Mont Blanc. Chamonix
35%
C’est la ville natale de Jeanne d’Arc, l’héroïne française. Domrémy-la-Pucelle
15%
Connue pour son vin blanc, cette ville est aussi un centre majeur de production d’armagnac et de foie gras. Auch
13%
Cette ville est célèbre pour son carnaval et son géant "Gayant". Elle a une forte histoire industrielle dans le textile. Douai
11%
Aucun quiz correspondant
Distribution des résultats
% des personnes avec chaque résultat
Percentile par nombre de réponses
Votre historique - résultats
Vous n’avez pas pris ce quiz